Norwich City FA Cup Opponents Since 1902 (Teams Only) - Statistics

General Stats
  • This quiz has been taken 13 times
  • The average score is 69 of 98
Answer Stats
Games Answer % Correct
3 Arsenal
100%
3 Aston Villa
100%
3 Brentford
100%
3 Everton
100%
3 Fulham
100%
7 Leeds United
100%
8 Liverpool
100%
5 Luton Town
100%
4 Manchester City
100%
5 Manchester United
100%
1 Newcastle United
100%
3 Portsmouth
100%
5 Reading
100%
5 Sheffield United
100%
5 Sheffield Wednesday
100%
6 Southampton
100%
7 Sunderland
100%
7 Tottenham Hotspur
100%
5 West Ham United
100%
4 Wolverhampton Wanderers
100%
4 Birmingham City
90%
4 Blackburn Rovers
90%
4 Blackpool
90%
3 Bolton Wanderers
90%
5 Bradford City
90%
12 Brighton & Hove Albion
90%
3 Bristol City
90%
6 Bristol Rovers
90%
2 Burnley
90%
1 Cambridge United
90%
1 Cardiff City
90%
3 Charlton Athletic
90%
8 Chelsea
90%
4 Crystal Palace
90%
2 Derby County
90%
2 Doncaster Rovers
90%
1 Hull City
90%
3 Ipswich Town
90%
6 Leicester City
90%
3 Nottingham Forest
90%
2 Notts County
90%
1 Peterborough United
90%
1 Watford
90%
5 West Bromwich Albion
90%
1 Wigan Athletic
90%
2 Wrexham
90%
2 York City
90%
5 Barnsley
80%
1 Carlisle United
80%
10 Coventry City
80%
2 Exeter City
80%
2 Hartlepool United
80%
2 Huddersfield Town
80%
1 Port Vale
80%
2 Preston North End
80%
4 Queens Park Rangers
80%
3 Rochdale
80%
1 Stoke City
80%
1 Swansea City
80%
6 Swindon Town
80%
2 Yeovil Town
80%
1 Chesterfield
70%
3 Grimsby Town
70%
4 Leyton Orient
70%
1 Millwall
70%
1 Northampton Town
70%
1 Scunthorpe United
70%
1 Wimbledon
70%
1 Darlington
60%
2 Newport County
60%
4 Walsall
60%
1 Wycombe Wanderers
60%
1 Bath City
50%
1 Gloucester City
50%
1 Torquay United
50%
2 Bury
40%
2 Chatham
40%
1 Dagenham & Redbridge
40%
1 Sutton United
40%
1 Bedford Town
30%
1 Merthyr Tydfil
30%
1 Paulton Rovers
30%
1 Tamworth
30%
2 Tonbridge
30%
1 Wellington Town
30%
1 Corinthian
20%
1 Dorchester Town
20%
1 Ilford
20%
1 Rhyl
20%
2 Tunbridge Wells Rangers
20%
1 Folkestone
10%
2 Hastings United
10%
1 Lowestoft Town
10%
1 Redhill
10%
1 Clapton
0%
1 Hastings & St Leonards United
0%
1 Headington United
0%
2 Poole
0%
No matching quizzes found
Score Distribution
Percent of People with Each Score
Percentile by Number Answered
Your Score History
You have not taken this quiz